中华民国历任国家元首 Heads of state of ROC - Statistics

General Stats
  • This quiz has been taken 60 times
  • The average score is 9 of 19
Answer Stats
时期-职务 任期开始 就任时所属 姓名 % Correct
临时政府-临时大总统 1912.01.01 中国同盟会 孙文
100%
临时政府-临时大总统 1912.03.10 北洋军阀 袁世凯
96%
国民政府-主席 1928.10.10 中国国民党 蒋中正
96%
北洋政府-陆海军大元帅 1927.06.18 奉系军阀 张作霖
89%
北洋政府-临时执政 1924.11.24 皖系军阀 段祺瑞
81%
行宪政府-总统 1949.01.21 中国国民党 李宗仁
74%
北洋政府-大总统 1916.06.07 进步党 黎元洪
63%
北洋政府-大总统 1923.10.10 直系军阀 曹锟
60%
国民政府-主席 1931.12.15 中国国民党 林森
60%
北洋政府-大总统 1917.07.06 直系军阀 冯国璋
56%
北洋政府-大总统 1918.10.10 - 徐世昌
39%
北洋政府-大总统 1926.10.01 - 顾维钧
32%
国民政府-主席 1928.02.07 中国国民党 谭延闿
16%
北洋政府-大总统 1924.11.02 - 黄郛
9%
北洋政府-大总统 1922.06.02 交通系 周自齐
7%
北洋政府-临时执政 1926.04.20 - 胡惟德
7%
北洋政府-大总统 1923.06.14 直系军阀 高凌霨
5%
北洋政府-大总统 1926.05.13 - 颜惠庆
5%
北洋政府-大总统 1926.06.23 直系军阀 杜锡珪
4%
No matching quizzes found
Score Distribution
Percent of People with Each Score
Percentile by Number Answered
Your Score History
You have not taken this quiz